Determinants of Health in seasonal migrants: coffe harvesters in Los Santos, Costa Rica /
Guardado en:
| Autor principal: | |
|---|---|
| Otros Autores: | , , , |
| Formato: | Texto |
| Etiquetas: |
Agregar Etiqueta
Sin Etiquetas, Sea el primero en etiquetar este registro!
|
MARC
| LEADER | 00000 a a2200000 04500 | ||
|---|---|---|---|
| 001 | 46915 | ||
| 003 | |||
| 040 | |||
| 100 | |a Loría Bolaños, Rocío | ||
| 245 | |a Determinants of Health in seasonal migrants: |b coffe harvesters in Los Santos, Costa Rica / |c Rocío Loría Bolaños, Timo Partanen, Milena Berrocal, Benjamín Alvárez, Leonel Córdoba | ||
| 700 | |a Partanen, Timo | ||
| 700 | |a Berrocal, Milena | ||
| 700 | |a Alvárez, Benjamín | ||
| 700 | |a Córdoba, Leonel | ||
| 773 | |a páginas 129-137 : tablas, fotos | ||
| 999 | |c 38751 |d 38751 | ||
